| 000 | 00000nam##2200000za#4500 |
| 001 | 9.681701 |
| 003 | CaOODSP |
| 005 | 20200330071645 |
| 007 | ta |
| 008 | 150407|2001||||xxc||||| f|0| 0 fre|d |
| 020 | |a0-660-96639-5 |
| 040 | |aCaOODSP|bfre |
| 043 | |an-cn--- |
| 086 | 1 |aEn21-125/2001F |
| 110 | 1 |aCanada. |bEnvironnement Canada. |
| 245 | 10|aTroisième rapport national du Canada sur les changements climatiques : |bmesures prises en vertu de la Convention-cadre des Nations Unies sur les changements climatiques |
| 260 | |aOttawa - Ontario : |bEnvironnement Canada |c2001. |
| 300 | |axi, 280p. : |bgraphiques, références, tableaux ; |c28 cm. |
| 500 | |aDonnées de catalogage avant publication (Canada) imprimées dans cette publication. |
| 563 | |aReliure à spirale |
| 590 | |a02-13|b2002-03-28 |
| 691 | 07|aAccord international|2gcpds |
| 691 | 07|aClimat|2gcpds |
| 775 | 08|tCanada's third national report on climate change : |w(CaOODSP)9.648415 |
| 776 | 0#|t2001, troisième rapport national du Canada sur les changements climatiques : |w(CaOODSP)9.639032 |